Metódy a postupy identifikácie podnikateľského rizika bakalárska práca

Na minha lista:
Detalhes bibliográficos
Autor principal: Petejová, Zuzana
Autor Corporativo: Fakulta podnikového manažmentu EU. Katedra podnikovohospodárska
Outros Autores: Rybárová, Daniela, 1967-
Formato: Livro
Idioma:eslovaco
Publicado em: Bratislava 2011
Tags: Adicionar Tag
Sem tags, seja o primeiro a adicionar uma tag!

MARC

LEADER 00000nbm a2200000 4500
001 0140113
005 20161109111706.2
041 0 |a slo 
044 |a SK 
245 1 0 |a Metódy a postupy identifikácie podnikateľského rizika  |b bakalárska práca  |c Zuzana Petejová ; školiteľ: Daniela Rybárová 
264 1 |a Bratislava  |c 2011 
300 |a 49 s. 
100 1 |a Petejová, Zuzana 
700 1 |a Rybárová, Daniela, 1967- 
710 2 |a Fakulta podnikového manažmentu EU. Katedra podnikovohospodárska